000 01354nam a22004697a 4500
005 20250610151012.0
008 170329b2014 xxu||||| |||| 00| 0 spa d
020 _a9786074387919
041 _aeng
082 _a658.404 AG283e
100 _aAguilar Morales, Silvia
_941733
245 _aDe emprendedores a empresarios : haga que su negocio sea negocio
260 _aMéxico
260 _bPatria
260 _c2014
300 _a283 páginas
490 _aDirección y Administración de Empresas
650 _aGERENCIA DE PROYECTOS
650 _aEMPRENDEDURISMO
650 _aRETOS QUE ENFRENTA EL EMPRESARIO
650 _aACTITUD EMPRESARIAL
650 _aRECURSOS HUMANOS
650 _aRECURSOS FINANCIEROS
650 _aRECURSOS MATERIALES E INSUMOS
650 _aRESPONSABILIDAD SOCIAL DEL EMPRESARIO
650 _aENTORNO TECNOLÓGICO
650 _aMODELO DE NEGOCIO
650 _aESTUDIOS DE MERCADO
650 _aFINANZAS
650 _aVENTAS
650 _aESTUDIO ADMINISTRATIVO
650 _aÉTICA
650 _aPLAN DE NEGOCIOS
650 _aMATRIZ FODA
650 _aESTADOS FINANCIEROS
650 _aNEGOCIACIÓN
650 _aRECURSOS FINANCIEROS
650 _aEMPRESAS FAMILIARES
650 _aDESARROLLO DE UN PRODUCTO
650 _aDISTRIBUCIÓN DE PLANTA
942 _cBK
_2ddc
999 _c9175
_d9175